| 000 | 00553nam a2200205Ia 4500 | ||
|---|---|---|---|
| 005 | 20250505124930.0 | ||
| 008 | 008 250505s9999 xx 000 0 eng d | ||
| 037 | _aReference | ||
| 040 |
_aLCO _beng _cLCO |
||
| 041 |
_aeng _2eng |
||
| 084 |
_aZ2,8 R2 _qLCO |
||
| 100 |
_aBajpai, G.S. _9753987 |
||
| 245 | 0 |
_aFast track court in India _cG.S. Bajpai |
|
| 260 |
_aNew Delhi, India _bSatyam law international _c2022 |
||
| 300 | _a185 | ||
| 365 |
_aINR _b695 |
||
| 650 | _aLaw | ||
| 942 |
_cREF _hZ2,8 R2 |
||
| 999 |
_c1310729 _d1310729 |
||